| 000 | 01237cab a2200241 4500 | ||
|---|---|---|---|
| 001 | E2053 | ||
| 008 | 090401t1993 xxu||||| |||| 00| 0 eng d | ||
| 035 | _a(Sirsi) u37286 | ||
| 041 | _aeng | ||
| 245 | _aMacdougall v Secretary of State for Scotland | ||
| 260 | _c1993 | ||
| 350 | _a0 | ||
| 490 |
_aSLC _v1993 R 126-135(10) |
||
| 520 | _aSLC Application Western Isles RN 2455 Order of 4 June 1993. A crofter on the island of Vatersay applied to the Court for an Order determining the status of an area of ground known as the housing area which she claimed formed part of their common grazings. The Court held that the evidence indicated that the share in the housing area let to each crofter was let as part of the crofts in the township. The shares could not be part of any individual`s croft land because they were not in individual occupancy but held in common with others and the Court therefore concluded that the housing area must form part of the common grazings let to the crofters. | ||
| 650 | _aCOMMON GRAZINGS | ||
| 650 | _aCROFTING | ||
| 650 | _aSCOTLAND | ||
| 650 | _aSCOTTISH LAND COURT | ||
| 650 | _aSLC | ||
| 690 | _aLANDLORD AND TENANT-CASE LAW-AGRICULTURAL TENANCIES | ||
| 942 | _n0 | ||
| 948 | _c04/03/1997 | ||
| 999 |
_c24122 _d24122 |
||